Building Research and Information (Record no. 118520)

MARC details
000 -LEADER
fixed length control field 00808cas a22002295a 4500
001 - CONTROL NUMBER
control field L136
008 - FIXED-LENGTH DATA ELEMENTS--GENERAL INFORMATION
fixed length control field 070713c1991 xxkbr p 0 a0eng
022 0# - INTERNATIONAL STANDARD SERIAL NUMBER
International Standard Serial Number 0961-3218
035 ## - SYSTEM CONTROL NUMBER
System control number (Sirsi) u98773
041 1# - LANGUAGE CODE
Language code of text/sound track or separate title eng
Language code of summary or abstract fre
110 2# - MAIN ENTRY--CORPORATE NAME
Corporate name or jurisdiction name as entry element International Council for Building Research Studies and Documentation
9 (RLIN) 1423
245 00 - TITLE STATEMENT
Title Building Research and Information
260 ## - PUBLICATION, DISTRIBUTION, ETC.
Place of publication, distribution, etc. London
Name of publisher, distributor, etc. E. & F. N. Spon
Date of publication, distribution, etc. 1991-
362 0# - DATES OF PUBLICATION AND/OR SEQUENTIAL DESIGNATION
Dates of publication and/or sequential designation 19(1) January/February 1991-
500 ## - GENERAL NOTE
General note Embargoed on Ebsco for 15 months
651 #4 - SUBJECT ADDED ENTRY--GEOGRAPHIC NAME
Geographic name International
690 ## - LOCAL SUBJECT ADDED ENTRY--TOPICAL TERM (OCLC, RLIN)
Topical term or geographic name as entry element BUILT ENVIRONMENT
780 00 - PRECEDING ENTRY
Title Building Research and Practice
856 41 - ELECTRONIC LOCATION AND ACCESS
Uniform Resource Identifier <a href="https://www.rics.org/profession-standards/knowledge-and-information-services">https://www.rics.org/profession-standards/knowledge-and-information-services</a>
Public note How to access eJournals - this title embargoed for 15 months
942 ## - ADDED ENTRY ELEMENTS (KOHA)
Suppress in OPAC 0
Source of classification or shelving scheme Dewey Decimal Classification
948 ## - LOCAL PROCESSING INFORMATION (OCLC); SERIES PART DESIGNATOR (RLIN)
c (OCLC) 09/03/1994
Holdings
Withdrawn status Lost status Source of classification or shelving scheme Damaged status Not for loan Home library Current library Shelving location Date acquired Total Checkouts Full call number Barcode Date last seen Price effective from Koha item type Public note
    Other/Generic Classification Scheme     London London Gallery 13/07/2007   BUILDING RESEARCH AND INFORMATION 98773-1001 06/08/2019 06/08/2019 Journal  
    Dewey Decimal Classification     Virtual Virtual Online 05/07/2007   ONLINE JOURNAL via EBSCO 98773-2001 21/06/2023 06/08/2019 Journal Embargoed on Ebsco for 15 months